[Event "Rhein Main op 09th"]
[Site "Bad Homburg"]
[Date "2006.06.15"]
[Round "3.43"]
[White "Graw, Oliver"]
[Black "Krueger, Jens"]
[Result "1-0"]
[WhiteElo "1594"]
[BlackElo "1413"]
[PlyCount "51"]
[EventDate "2006.06.14"]
[EventType "swiss"]
[EventRounds "7"]
[EventCountry "GER"]
[SourceTitle "EXT 2007"]
[Source "ChessBase"]
[SourceDate "2006.11.23"]
[SourceVersion "1"]
[SourceVersionDate "2006.11.23"]
[SourceQuality "1"]

1. e4 d6 2. d4 Nf6 3. Nc3 g6 4. Bc4 Bg7 5. Nf3 0-0 6. 0-0 Nxe4 7. Nxe4 d5 8. Bd3 dxe4 9. Bxe4 Bg4 10. Bxb7 Nd7 11. Bxa8 Qxa8 12. c3 Rd8 13. h3 Bf5 14. Qe2 c5 15. dxc5 Nxc5 16. Qxe7 Ne6 17. Be3 Be4 18. Ng5 Nxg5 19. Qxg5 Rd5 20. Qg3 Be5 21. f4 Bc7 22. Bd4 Rf5 23. h4 Qb8 24. Qe3 Ba8 25. g3 Qb7 26. Qe8# 1-0

[Event "Rhein Main op 09th"]
[Site "Bad Homburg"]
[Date "2006.06.15"]
[Round "2.31"]
[White "Schimmer, Michael"]
[Black "Graw, Oliver"]
[Result "1-0"]
[WhiteElo "1956"]
[BlackElo "1594"]
[PlyCount "31"]
[EventDate "2006.06.14"]
[EventType "swiss"]
[EventRounds "7"]
[EventCountry "GER"]
[SourceTitle "EXT 2007"]
[Source "ChessBase"]
[SourceDate "2006.11.23"]
[SourceVersion "1"]
[SourceVersionDate "2006.11.23"]
[SourceQuality "1"]

1. e4 d5 2. exd5 Qxd5 3. Nc3 Qa5 4. d4 Bf5 5. Nf3 e6 6. Bc4 Nf6 7. Bd2 c6 8. Nd5 Qd8 9. Nxf6+ gxf6 10. Qe2 Bxc2 11. Rc1 Bg6 12. 0-0 Bh5 13. Rfe1 Bxf3 14. Qxf3 Be7 15. Qh5 0-0 16. Rc3 1-0

[Event "Rhein Main op 09th"]
[Site "Bad Homburg"]
[Date "2006.06.14"]
[Round "1.27"]
[White "Graw, Oliver"]
[Black "Wiege, Andre"]
[Result "0-1"]
[WhiteElo "1594"]
[BlackElo "2083"]
[PlyCount "48"]
[EventDate "2006.06.14"]
[EventType "swiss"]
[EventRounds "7"]
[EventCountry "GER"]
[SourceTitle "EXT 2007"]
[Source "ChessBase"]
[SourceDate "2006.11.23"]
[SourceVersion "1"]
[SourceVersionDate "2006.11.23"]
[SourceQuality "1"]

1. e4 e5 2. Nf3 d6 3. d4 Nd7 4. dxe5 dxe5 5. Bc4 c6 6. Ng5 Nh6 7. 0-0 Be7 8. Ne6 fxe6 9. Bxh6 Bf6 10. Qh5+ Ke7 11. Qg4 Qg8 12. Be3 b5 13. Bb3 g5 14. Nc3 h5 15. Qe2 Bb7 16. Rad1 Qb8 17. Rd2 Qc7 18. Rfd1 Bc8 19. Rd6 Nb6 20. Qd2 Rg8 21. h4 gxh4 22. Bh6 Rg6 23. Rd8 Nd7 24. Rxd7+ Bxd7 0-1

[Event "Karl Mala Memorial op 09th"]
[Site "Frankfurt"]
[Date "2005.07.30"]
[Round "4"]
[White "Genis, Roy"]
[Black "Graw, Oliver"]
[Result "1-0"]
[WhiteElo "1778"]
[BlackElo "1508"]
[PlyCount "189"]
[EventDate "2005.07.28"]
[EventType "swiss"]
[EventRounds "7"]
[EventCountry "GER"]
[SourceTitle "EXT 2006"]
[Source "ChessBase"]
[SourceDate "2005.11.24"]
[SourceVersion "1"]
[SourceVersionDate "2005.11.24"]
[SourceQuality "1"]

1. e4 e5 2. Nf3 Nc6 3. d4 exd4 4. Nxd4 Nf6 5. Nxc6 bxc6 6. e5 Nd5 7. c4 Bb4+ 8. Bd2 Bxd2+ 9. Qxd2 Ne7 10. Bd3 0-0 11. 0-0 d6 12. Rd1 d5 13. Nc3 Be6 14. Qc2 Ng6 15. cxd5 cxd5 16. Bxg6 hxg6 17. Nb5 a6 18. Nd4 Qd7 19. Rac1 Rfc8 20. Nc6 a5 21. Qc5 Kh7 22. Rd4 g5 23. b3 f6 24. exf6 gxf6 25. Ne7 Re8 26. Nxd5 Bxd5 27. Rxd5 Qe7 28. Qxe7+ Rxe7 29. Kf1 a4 30. Rdc5 Ra7 31. b4 Kg6 32. R1c4 Rd7 33. Ke2 Ra6 34. Rc6 Ra8 35. Re4 Rad8 36. Rc2 Kf5 37. Re3 Kg6 38. g3 Rd4 39. a3 R8d7 40. Rec3 Re7+ 41. Kf1 Rd1+ 42. Kg2 g4 43. Rc1 Rd2 44. R1c2 Rd1 45. Re3 Red7 46. h3 gxh3+ 47. Kxh3 Rh7+ 48. Kg2 Rhd7 49. Rec3 R1d3 50. Kf1 Rd1+ 51. Ke2 Ra1 52. Rd2 Rh7 53. Kf3 Re7 54. Kf4 Rae1 55. Re3 R7xe3 56. fxe3 Rc1 57. Rd3 Rc4+ 58. Kf3 Rc2 59. e4 c5 60. bxc5 Rxc5 61. Kf4 Rb5 62. Rd4 Ra5 63. Ke3 Kf7 64. Kf4 Ke6 65. g4 Ra6 66. Rd5 Ra8 67. Rb5 Ra6 68. e5 fxe5+ 69. Rxe5+ Kf6 70. Re4 Ra5 71. Ke3 Kg5 72. Kd3 Ra8 73. Kc3 Rc8+ 74. Kb4 Rc1 75. Kxa4 Rb1 76. Rb4 Ra1 77. Kb3 Rb1+ 78. Kc3 Ra1 79. a4 Ra2 80. Rc4 Ra1 81. Kb4 Rb1+ 82. Kc5 Ra1 83. Rb4 Rc1+ 84. Kb5 Re1 85. a5 Re5+ 86. Ka4 Re6 87. Kb3 Re3+ 88. Ka4 Re6 89. Rc4 Kg6 90. Kb5 Re5+ 91. Rc5 Re4 92. g5 Re1 93. a6 Rb1+ 94. Kc6 Rb8 95. a7 1-0

[Event "Rhein Main op 08th"]
[Site "Bad Homburg"]
[Date "2005.05.30"]
[Round "7"]
[White "Graw, Oliver"]
[Black "Roesch, Christian"]
[Result "1-0"]
[WhiteElo "1502"]
[BlackElo "1540"]
[PlyCount "79"]
[EventDate "2005.05.25"]
[EventType "swiss"]
[EventRounds "7"]
[EventCountry "GER"]
[SourceTitle "EXT 2006"]
[Source "ChessBase"]
[SourceDate "2005.11.24"]
[SourceVersion "1"]
[SourceVersionDate "2005.11.24"]
[SourceQuality "1"]

1. e4 c6 2. Nf3 d5 3. exd5 cxd5 4. d4 Nf6 5. Bg5 Qb6 6. Qc1 Nc6 7. c3 Bf5 8. Be2 Ne4 9. Be3 e6 10. 0-0 Bd6 11. Nbd2 Qc7 12. Qd1 h5 13. h4 Nf6 14. Ne1 Ng4 15. Ndf3 Ne7 16. Bb5+ Nc6 17. Qd2 0-0-0 18. g3 Be4 19. Bd3 Ne7 20. Bxe4 dxe4 21. Ng5 Nd5 22. Ng2 Bxg3 23. fxg3 Qxg3 24. Bf4 Nxf4 25. Qxf4 Qxf4 26. Rxf4 f5 27. Nxe6 g5 28. Nxg5 Rdf8 29. Raf1 e3 30. Rxf5 Re8 31. Re1 Re7 32. Nf7 Rg8 33. Ne5 Nxe5 34. Rxe5 Reg7 35. Re2 Rg4 36. R5xe3 Rxh4 37. Re8+ Rxe8 38. Rxe8+ Kd7 39. Rd8+ Kxd8 40. Nxh4 1-0

[Event "Rhein Main op 08th"]
[Site "Bad Homburg"]
[Date "2005.05.26"]
[Round "3"]
[White "Graw, Oliver"]
[Black "Bonilla Guzman, Jerson Andres"]
[Result "1-0"]
[WhiteElo "1502"]
[BlackElo "1192"]
[PlyCount "131"]
[EventDate "2005.05.25"]
[EventType "swiss"]
[EventRounds "7"]
[EventCountry "GER"]
[SourceTitle "EXT 2006"]
[Source "ChessBase"]
[SourceDate "2005.11.24"]
[SourceVersion "1"]
[SourceVersionDate "2005.11.24"]
[SourceQuality "1"]

1. e4 Nc6 2. d4 d5 3. exd5 Qxd5 4. Nc3 Qxd4 5. Be3 Qxd1+ 6. Nxd1 Bf5 7. c3 0-0-0 8. Nf3 e6 9. Be2 Nf6 10. 0-0 Bd6 11. Nd4 Nxd4 12. Bxd4 c5 13. Be3 Ng4 14. h3 Nxe3 15. Nxe3 Bg6 16. Rad1 Bc7 17. Nc4 Rxd1 18. Rxd1 Rd8 19. Rxd8+ Kxd8 20. Bf3 b5 21. Ne3 f5 22. Bc6 a6 23. Kf1 Ke7 24. Ke2 Kd6 25. Bb7 a5 26. f4 e5 27. g3 exf4 28. gxf4 Kd7 29. Nd5 Bf7 30. Nxc7 Kxc7 31. Ba6 Kb6 32. Bc8 g6 33. a3 c4 34. Ke3 Kc5 35. Bb7 b4 36. axb4+ axb4 37. cxb4+ Kxb4 38. Kd4 h6 39. h4 Kb5 40. Bf3 Kb4 41. Bd1 Be8 42. Bc2 Bc6 43. Bd1 Be4 44. Ke5 Kc5 45. Kf6 Kd4 46. Kxg6 Ke3 47. Kxh6 Kxf4 48. h5 Ke5 49. Kg5 f4 50. Kg4 Bf5+ 51. Kg5 Bb1 52. h6 Ke6 53. Kxf4 Kf6 54. Be2 Ba2 55. Ke4 Kg6 56. Kd4 Kxh6 57. Bxc4 Bb1 58. b4 Bf5 59. b5 Bc8 60. b6 Kg6 61. Be6 Bb7 62. Ke5 Kg7 63. Kd6 Kf6 64. Bh3 Kf7 65. Kc7 Be4 66. Bc8 1-0

[Event "Rhein Main op 07th"]
[Site "Bad Homburg"]
[Date "2004.06.10"]
[Round "3.55"]
[White "Kretner, Georg Ulrich"]
[Black "Graw, Oliver"]
[Result "1/2-1/2"]
[WhiteElo "1701"]
[BlackElo "1484"]
[PlyCount "86"]
[EventDate "2004.06.09"]
[EventType "swiss"]
[EventRounds "7"]
[EventCountry "GER"]
[SourceTitle "CBM 100 Extra"]
[Source "ChessBase"]
[SourceDate "2004.07.06"]
[SourceVersion "2"]
[SourceVersionDate "2004.07.06"]
[SourceQuality "1"]

1. d4 d5 2. c4 dxc4 3. Nf3 Bg4 4. e3 e6 5. Bxc4 Nf6 6. 0-0 Be7 7. h3 Bf5 8. Nc3 0-0 9. Qe2 Ne4 10. Rd1 Nd7 11. a3 Nb6 12. Ba2 c6 13. Nxe4 Bxe4 14. b3 Qc7 15. Bb2 Nd5 16. Rac1 a5 17. Nd2 Nf6 18. Nxe4 Nxe4 19. Bb1 Nf6 20. e4 Qf4 21. e5 Nd5 22. Rd3 Qh4 23. Rf3 Bg5 24. Re1 Qh5 25. Qe4 Qg6 26. Qg4 h5 27. Qg3 h4 28. Qg4 Qh6 29. g3 f5 30. exf6 Rxf6 31. Rxf6 Nxf6 32. Qxe6+ Kh8 33. Qf5 Nd5 34. Re6 Bf6 35. Qe4 Nc7 36. Rd6 Re8 37. Qd3 hxg3 38. fxg3 Qxh3 39. Bc3 Nd5 40. Bd2 Bxd4+ 41. Qxd4 Qxg3+ 42. Kh1 Qf3+ 43. Kg1 Qg3+ 1/2-1/2